[Event "2. Bundesliga Mitte 2013/2014"]
[Site "St. Veit/Glan"]
[Date "2014.03.21"]
[Round "6"]
[Board "1"]
[White "Taggatz, Mario"]
[Black "Poetz, Florian"]
[Result "0-1"]
[WhiteElo "2222"]
[BlackElo "2431"]
[PlyCount "86"]
[EventDate "2013.10.04"]
[EventType "team"]
[EventRounds "11"]
[EventCountry "AUT"]
[WhiteTeam "Spg. Sauwald"]
[BlackTeam "SK Sparkasse Fuerstenfeld"]

1. d4 Nf6 2. Nf3 e6 3. Bf4 c5 4. c3 b6 5. e3 Bb7 6. Bd3 Be7 7. h3 O-O 8. O-O d6
9. Qe2 cxd4 10. exd4 Nbd7 11. c4 Re8 12. Bh2 e5 13. dxe5 dxe5 14. Bc2 Bd6 15.
Rd1 e4 16. Nd4 Bxh2+ 17. Kxh2 Qc7+ 18. Kg1 a6 19. Nc3 Ne5 20. Nf5 Nxc4 21. Bb3
Na5 22. Nd5 Bxd5 23. Bxd5 Rad8 24. Ne3 Qe5 25. Nc4 Qg5 26. Bxf7+ Kxf7 27. Nd6+
Rxd6 28. Rxd6 Qc5 29. Rad1 Nc4 30. R6d4 b5 31. Qc2 e3 32. fxe3 Qg5 33. Qf2 Qxe3
34. Qxe3 Nxe3 35. Rc1 Ned5 36. Rc6 Re2 37. Rxa6 Rxb2 38. g4 g5 39. h4 h6 40.
hxg5 hxg5 41. a3 Ra2 42. Rd3 Nf4 43. Rd1 Nxg4 0-1

[Event "2. Bundesliga Mitte 2013/2014"]
[Site "St. Veit/Glan"]
[Date "2014.03.21"]
[Round "6"]
[Board "2"]
[White "Kuba, Guenter"]
[Black "Renner, Christoph"]
[Result "1-0"]
[WhiteElo "2378"]
[BlackElo "2379"]
[PlyCount "85"]
[EventDate "2013.10.04"]
[EventType "team"]
[EventRounds "11"]
[EventCountry "AUT"]
[WhiteTeam "SK Sparkasse Fuerstenfeld"]
[BlackTeam "Spg. Sauwald"]

1. e4 e5 2. Nf3 Nc6 3. Bc4 Bc5 4. c3 Nf6 5. d3 O-O 6. b4 Bb6 7. b5 Na5 8. Nxe5
d5 9. Bb3 Re8 10. d4 Nxe4 11. O-O Be6 12. Be3 f6 13. Nd3 Qd7 14. Nf4 Bf7 15.
Re1 Nc4 16. a4 Ba5 17. Qc1 Re7 18. f3 Ned6 19. Bf2 Rxe1+ 20. Bxe1 Re8 21. Ra2
g5 22. Nd3 Bg6 23. Nb4 Bxb4 24. cxb4 Qf5 25. Nc3 c6 26. bxc6 bxc6 27. Bf2 g4
28. fxg4 Qxg4 29. b5 Be4 30. Nxe4 Nxe4 31. Bxc4 dxc4 32. Qxc4+ Kh8 33. h3 Qd1+
34. Kh2 Nd2 35. Rxd2 Qxd2 36. Qf7 Qxf2 37. Qxe8+ Kg7 38. Qe7+ Kg6 39. Qe4+ f5
40. Qxc6+ Kg5 41. Qd6 f4 42. Qe5+ Kg6 43. d5 1-0

[Event "2. Bundesliga Mitte 2013/2014"]
[Site "St. Veit/Glan"]
[Date "2014.03.21"]
[Round "6"]
[Board "3"]
[White "Hellmayr, Alois"]
[Black "Feher, Adam"]
[Result "1/2-1/2"]
[WhiteElo "2209"]
[BlackElo "2395"]
[PlyCount "116"]
[EventDate "2013.10.04"]
[EventType "team"]
[EventRounds "11"]
[EventCountry "AUT"]
[WhiteTeam "Spg. Sauwald"]
[BlackTeam "SK Sparkasse Fuerstenfeld"]

1. d4 Nf6 2. Nf3 e6 3. e3 b6 4. c4 Bb7 5. Nc3 Bb4 6. Bd2 O-O 7. Be2 c5 8. a3
Bxc3 9. Bxc3 Ne4 10. Rc1 d6 11. O-O Nd7 12. Nd2 Nxd2 13. Qxd2 Qg5 14. d5 exd5
15. f4 Qe7 16. cxd5 Rae8 17. Rf3 f5 18. Bb5 a6 19. Bxd7 Qxd7 20. Rg3 Rf7 21. b4
Rc8 22. Bb2 Kf8 23. h4 cxb4 24. Rxc8+ Qxc8 25. axb4 Qc4 26. Bd4 b5 27. Qb2 Qc7
28. h5 Bxd5 29. h6 gxh6 30. Bf6 Ke8 31. Bh4 Kd7 32. Qh8 Bb7 33. Qg8 Bd5 34. Qh8
Kc6 35. Bd8 Qc8 36. Rg8 Rd7 37. Rf8 Rf7 38. Rg8 Rd7 39. Rf8 Rf7 40. Rg8 Qe6 41.
Re8 Qg6 42. Rg8 Qh5 43. Qc3+ Bc4 44. Qd4 Rb7 45. Rf8 Qg4 46. Ba5 Bd5 47. Rc8+
Kd7 48. Rd8+ Kc6 49. Rc8+ Kd7 50. Qxd5 Kxc8 51. Qc6+ Kb8 52. Qxd6+ Ka7 53. Qc5+
Kb8 54. Qd6+ Ka7 55. Qd4+ Kb8 56. Qh8+ Ka7 57. Qd4+ Kb8 58. Qh8+ Ka7 1/2-1/2

[Event "2. Bundesliga Mitte 2013/2014"]
[Site "St. Veit/Glan"]
[Date "2014.03.21"]
[Round "6"]
[Board "4"]
[White "Radnetter, Georg"]
[Black "Hiermann, Dietmar"]
[Result "1/2-1/2"]
[WhiteElo "2257"]
[BlackElo "2290"]
[PlyCount "153"]
[EventDate "2013.10.04"]
[EventType "team"]
[EventRounds "11"]
[EventCountry "AUT"]
[WhiteTeam "SK Sparkasse Fuerstenfeld"]
[BlackTeam "Spg. Sauwald"]

1. Nf3 d5 {[%emt 0:00:00]} 2. d4 {[%emt 0:00:00]} Nf6 3. c4 e6 4. e3 Be7 5. b3
b6 6. Bd3 Bb7 7. O-O O-O 8. Bb2 Nbd7 9. Nc3 c5 10. Qe2 Rc8 11. Rfd1 Qc7 12.
Rac1 Qb8 13. Ne5 Rfd8 14. cxd5 Nxe5 15. dxe5 Nxd5 16. Nxd5 Rxd5 17. f4 Rcd8 18.
e4 R5d7 19. f5 Bg5 20. fxe6 fxe6 21. Bc4 Rxd1+ 22. Rxd1 Rxd1+ 23. Qxd1 Qe8 24.
Qd6 Kf7 25. Qd3 Bc6 26. Qh3 g6 27. Qxh7+ Kf8 28. h4 Be3+ 29. Kh1 Qf7 30. Qh8+
Ke7 31. Qb8 Qe8 32. Qd6+ Kf7 33. Qd3 Bh6 34. Qf3+ Kg8 35. Qg4 Bd7 36. a4 Kh7
37. Qf3 Bg7 38. g4 Qf8 39. Kg2 Kg8 40. g5 Qc8 41. Qg4 Qe8 42. Bc3 Kh7 43. Kf3
Qf7+ 44. Ke3 Qe8 45. Be2 Kg8 46. Qh3 Qe7 47. Qg3 Qe8 48. Qg4 Qf7 49. h5 gxh5
50. Qxh5 Qxh5 51. Bxh5 c4 52. Bd1 cxb3 53. Bxb3 Kf7 54. Kf4 Bf8 55. Bd4 Be7 56.
Be3 Bd8 57. Kg4 Kg6 58. Bc4 Bxa4 59. Bxe6 Bd1+ 60. Kh4 a5 61. Bf5+ Kf7 62. e6+
Kf8 63. Kg3 a4 64. g6 Bb3 65. e7+ Kxe7 66. Bc1 Bc7+ 67. Kg4 Kf6 68. Bg5+ Kg7
69. Bc1 Be5 70. Ba3 b5 71. Bd7 Bc4 72. Be8 Bc3 73. Kf3 Kg8 74. Ke3 Bg7 75. Kd2
Bd4 76. Kc2 Be5 77. Bb4 1/2-1/2

[Event "2. Bundesliga Mitte 2013/2014"]
[Site "St. Veit/Glan"]
[Date "2014.03.21"]
[Round "6"]
[Board "5"]
[White "Testor, Sebastian"]
[Black "Hatzl, Stefan"]
[Result "1/2-1/2"]
[WhiteElo "2308"]
[BlackElo "2172"]
[PlyCount "49"]
[EventDate "2013.10.04"]
[EventType "team"]
[EventRounds "11"]
[EventCountry "AUT"]
[WhiteTeam "Spg. Sauwald"]
[BlackTeam "SK Sparkasse Fuerstenfeld"]

1. c4 {[%emt 0:00:00]} c5 2. g3 g6 3. Bg2 Bg7 4. Nc3 Nc6 5. Nf3 d6 6. a3 Qd7 7.
O-O b6 8. e3 Bxc3 9. dxc3 Nf6 10. Qc2 Bb7 11. e4 Qe6 12. Re1 h6 13. b3 O-O-O
14. Bd2 Nd7 15. Rad1 g5 16. h4 f6 17. Bc1 Kb8 18. Qe2 g4 19. Nh2 Nce5 20. Bf4
Rdf8 21. a4 h5 22. Qc2 Rf7 23. Qe2 Rff8 24. Qc2 Rf7 25. Qe2 1/2-1/2

[Event "2. Bundesliga Mitte 2013/2014"]
[Site "St. Veit/Glan"]
[Date "2014.03.21"]
[Round "6"]
[Board "6"]
[White "Hatzl, Johannes"]
[Black "Niederwieser, Peter"]
[Result "1/2-1/2"]
[WhiteElo "2129"]
[BlackElo "2203"]
[PlyCount "135"]
[EventDate "2013.10.04"]
[EventType "team"]
[EventRounds "11"]
[EventCountry "AUT"]
[WhiteTeam "SK Sparkasse Fuerstenfeld"]
[BlackTeam "Spg. Sauwald"]

1. e4 {[%emt 0:00:00]} e6 2. d4 d5 3. Nc3 Nf6 4. Bg5 Be7 5. e5 Nfd7 6. h4 Nc6
7. Qg4 f6 8. Bd2 fxe5 9. dxe5 Ndxe5 10. Qxg7 Bf6 11. Qh6 Nf7 12. Qh5 Bd7 13.
O-O-O Qe7 14. Nf3 O-O-O 15. Re1 Be8 16. Qg4 Nfe5 17. Nxe5 Nxe5 18. Qg3 Nc6 19.
Qh3 Bf7 20. f4 h5 21. Be2 Kb8 22. a3 a6 23. Bd3 Rhg8 24. g3 Nd4 25. Rhf1 Qd6
26. Ne2 Nf5 27. Bxf5 exf5 28. Rf3 d4 29. Qxf5 Bg6 30. Qa5 Qc6 31. f5 Qxf3 32.
fxg6 Rd5 33. Qb4 Re8 34. Nf4 Rxe1+ 35. Bxe1 Qe3+ 36. Kb1 Rf5 37. Nxh5 Be5 38.
Bd2 Qe2 39. Nf4 Qd1+ 40. Bc1 Bxf4 41. gxf4 d3 42. Qd2 Qg4 43. cxd3 Qxg6 44. Kc2
Qh7 45. Qe3 Qxh4 46. Bd2 Rf8 47. Qe5 Qh7 48. Qe4 Qf7 49. Qc4 Qf5 50. Qe4 Qc5+
51. Qc4 Qf2 52. Qe4 Rg8 53. Qe3 Qf1 54. Qe1 Qf3 55. Qe3 Qc6+ 56. Kb1 Qh1+ 57.
Kc2 Qc6+ 58. Kb1 Re8 59. Qd4 Re2 60. Bc3 b6 61. f5 Qf3 62. f6 Rf2 63. Qe4 Qd1+
64. Ka2 Qf1 65. Qe8+ Kb7 66. Qe4+ Kb8 67. Qe8+ Kb7 68. Qe4+ 1/2-1/2

[Event "2. Bundesliga Mitte 2013/2014"]
[Site "St. Veit/Glan"]
[Date "2014.03.21"]
[Round "6"]
[Board "1"]
[White "Nemeth, Miklos"]
[Black "Arztmann, Wolfgang"]
[Result "1/2-1/2"]
[WhiteElo "2482"]
[BlackElo "2194"]
[PlyCount "149"]
[EventDate "2013.10.04"]
[EventType "team"]
[EventRounds "11"]
[EventCountry "AUT"]
[WhiteTeam "SV Steyregg"]
[BlackTeam "SV Raika Rapid Feffernitz II"]

1. e4 e5 2. Nf3 Nc6 3. Bc4 Bc5 4. c3 Nf6 5. d3 O-O 6. Nbd2 a6 7. O-O d6 8. Bb3
Ba7 9. Nc4 h6 10. Be3 Be6 11. Bxa7 Rxa7 12. a4 Ra8 13. Re1 Re8 14. Qc2 Nh5 15.
Re3 Qf6 16. Ncd2 Nf4 17. g3 Nh3+ 18. Kg2 Ng5 19. h4 Nxf3 20. Rxf3 Qe7 21. Nf1
Na5 22. Bd5 Qd7 23. Ne3 Nc6 24. Rd1 Bxd5 25. Nxd5 Ne7 26. Ne3 Qe6 27. d4 a5 28.
h5 Red8 29. Nf5 Nxf5 30. Rxf5 g6 31. Rf3 Kg7 32. hxg6 fxg6 33. dxe5 dxe5 34.
Rfd3 Rd6 35. Rxd6 cxd6 36. Qd3 Ra6 37. Qb5 Qc8 38. Rd5 h5 39. Qd3 Qc6 40. b3
Qc7 41. c4 Kh6 42. f4 exf4 43. gxf4 Qe7 44. Qd4 Ra8 45. Rxd6 Qh4 46. Qe3 Qg4+
47. Kf2 Rf8 48. f5+ Kh7 49. Rd7+ Kg8 50. Qd4 Qh4+ 51. Ke2 Qg4+ 52. Ke1 Qg3+ 53.
Kd2 gxf5 54. exf5 Qg5+ 55. Qe3 Qxf5 56. Qg3+ Qg4 57. Qxg4+ hxg4 58. Ke2 Rf7 59.
Rd4 Rg7 60. Kf2 Rg6 61. Kg3 Kf8 62. c5 Ke7 63. b4 axb4 64. Rxb4 Kd7 65. Rxb7+
Kc8 66. Rf7 Rg5 67. c6 Rc5 68. Kxg4 Rxc6 69. Rf4 Kb7 70. Kf5 Rh6 71. Ke5 Ka7
72. Rf7+ Ka8 73. Rf8+ Ka7 74. Rf7+ Ka8 75. Rf8+ 1/2-1/2

[Event "2. Bundesliga Mitte 2013/2014"]
[Site "St. Veit/Glan"]
[Date "2014.03.21"]
[Round "6"]
[Board "2"]
[White "Pacher, Simon"]
[Black "Priborsky, Jan"]
[Result "0-1"]
[WhiteElo "2044"]
[BlackElo "2358"]
[PlyCount "43"]
[EventDate "2013.10.04"]
[EventType "team"]
[EventRounds "11"]
[EventCountry "AUT"]
[WhiteTeam "SV Raika Rapid Feffernitz II"]
[BlackTeam "SV Steyregg"]

1. e4 c5 2. Nf3 e6 3. d3 Nc6 4. g3 g6 5. Bg2 Bg7 6. O-O Nge7 7. Qe2 d6 8. Nc3
O-O 9. Rb1 Rb8 10. Nd1 b5 11. Ne3 e5 12. h3 f5 13. exf5 gxf5 14. c3 Qe8 15. Qc2
f4 16. Qb3+ Kh8 17. gxf4 exf4 18. Nd5 Na5 19. Qa3 Nxd5 20. Qxa5 Qh5 21. Nh2
Bxh3 22. f3 0-1

[Event "2. Bundesliga Mitte 2013/2014"]
[Site "St. Veit/Glan"]
[Date "2014.03.21"]
[Round "6"]
[Board "3"]
[White "Burlacu, Bogdan"]
[Black "Hofer, Christian"]
[Result "1-0"]
[WhiteElo "2342"]
[BlackElo "1942"]
[PlyCount "57"]
[EventDate "2013.10.04"]
[EventType "team"]
[EventRounds "11"]
[EventCountry "AUT"]
[WhiteTeam "SV Steyregg"]
[BlackTeam "SV Raika Rapid Feffernitz II"]

1. e4 {[%emt 0:00:00]} c5 2. Nf3 e6 3. Nc3 a6 4. g3 d6 5. Bg2 Nf6 6. O-O Be7 7.
e5 dxe5 8. Nxe5 O-O 9. d3 Nd5 10. Re1 Nxc3 11. bxc3 f6 12. Nc4 Nc6 13. Rb1 e5
14. Nb6 Rb8 15. Nxc8 Qxc8 16. Bd5+ Kh8 17. Qf3 Qc7 18. Re4 f5 19. Re1 e4 20.
dxe4 Ne5 21. Qg2 fxe4 22. Bxe4 Qa5 23. Qh3 g6 24. Bf4 Qxc3 25. Bxe5+ Qxe5 26.
Bxg6 Qg7 27. Bxh7 Rf6 28. Bf5+ Rh6 29. Rxe7 1-0

[Event "2. Bundesliga Mitte 2013/2014"]
[Site "St. Veit/Glan"]
[Date "2014.03.21"]
[Round "6"]
[Board "4"]
[White "Tscharnuter, Hannes"]
[Black "Enoeckl, Philipp"]
[Result "0-1"]
[WhiteElo "2033"]
[BlackElo "2339"]
[PlyCount "42"]
[EventDate "2013.10.04"]
[EventType "team"]
[EventRounds "11"]
[EventCountry "AUT"]
[WhiteTeam "SV Raika Rapid Feffernitz II"]
[BlackTeam "SV Steyregg"]

1. e4 e6 2. f4 d5 3. e5 c5 4. Nf3 Nc6 5. c3 Nh6 6. Na3 Be7 7. d3 Rb8 8. g3 b5
9. Bg2 O-O 10. O-O b4 11. Nc2 bxc3 12. bxc3 Ba6 13. Re1 Qa5 14. Qd2 Rb6 15. h3
f5 16. exf6 Bxf6 17. d4 cxd4 18. Ncxd4 Nf5 19. Nxc6 Rxc6 20. Ne5 Rxc3 21. Bb2
Kh8 0-1

[Event "2. Bundesliga Mitte 2013/2014"]
[Site "St. Veit/Glan"]
[Date "2014.03.21"]
[Round "6"]
[Board "5"]
[White "Wiesinger, Robert"]
[Black "Trampitsch, Hannes"]
[Result "1-0"]
[WhiteElo "2252"]
[BlackElo "2001"]
[PlyCount "29"]
[EventDate "2013.10.04"]
[EventType "team"]
[EventRounds "11"]
[EventCountry "AUT"]
[WhiteTeam "SV Steyregg"]
[BlackTeam "SV Raika Rapid Feffernitz II"]

1. e4 {[%emt 0:00:00]} b6 2. d4 Bb7 3. Nc3 e6 4. Bd3 Bb4 5. Nge2 Nf6 6. O-O c5
7. d5 Bxc3 8. Nxc3 O-O 9. Bg5 d6 10. f4 Qc8 11. Bxf6 gxf6 12. Qh5 Kh8 13. Rf3
Rg8 14. Qxf7 Rf8 15. Qe7 1-0

[Event "2. Bundesliga Mitte 2013/2014"]
[Site "St. Veit/Glan"]
[Date "2014.03.21"]
[Round "6"]
[Board "6"]
[White "Oberberger, Guenther"]
[Black "Forstner, Joerg"]
[Result "1/2-1/2"]
[WhiteElo "1861"]
[BlackElo "2106"]
[PlyCount "83"]
[EventDate "2013.10.04"]
[EventType "team"]
[EventRounds "11"]
[EventCountry "AUT"]
[WhiteTeam "SV Raika Rapid Feffernitz II"]
[BlackTeam "SV Steyregg"]

1. d4 Nf6 2. c4 g6 3. Nf3 Bg7 4. g3 d6 5. Bg2 O-O 6. O-O Nbd7 7. Nc3 c6 8. Qc2
Qc7 9. e4 e5 10. dxe5 Nxe5 11. Nxe5 dxe5 12. Qe2 Rd8 13. Bg5 h6 14. Be3 Ng4 15.
Bc1 Be6 16. h3 Nf6 17. Be3 Qe7 18. a3 Rac8 19. Rad1 b6 20. Kh1 Ne8 21. Nb1 Nd6
22. b3 Nb7 23. Qc2 Na5 24. Bd2 Nb7 25. Be3 Rxd1 26. Rxd1 Rd8 27. Rxd8+ Nxd8 28.
Qd3 Qd7 29. Qc2 b5 30. cxb5 cxb5 31. b4 Nc6 32. Nc3 Bc4 33. Kg1 Nd4 34. Qd2 a5
35. Nd5 f5 36. Bxd4 exd4 37. Nf4 Kf7 38. exf5 Qxf5 39. Qe1 Qe5 40. Qe4 Qxe4 41.
Bxe4 g5 42. Nd3 1/2-1/2

[Event "2. Bundesliga Mitte 2013/2014"]
[Site "St. Veit/Glan"]
[Date "2014.03.21"]
[Round "6"]
[Board "1"]
[White "Haba, Petr"]
[Black "Rabiega, Robert"]
[Result "1/2-1/2"]
[WhiteElo "2498"]
[BlackElo "2488"]
[PlyCount "52"]
[EventDate "2013.10.04"]
[EventType "team"]
[EventRounds "11"]
[EventCountry "AUT"]
[WhiteTeam "Spg. Grieskirchen/Sedda B.Schallerbach"]
[BlackTeam "Strassenbahn Graz"]

1. e4 {[%emt 0:00:00]} e5 {[%emt 0:00:00]} 2. Nf3 {[%emt 0:00:00]} Nc6 3. Bb5
a6 4. Ba4 Nf6 5. O-O Be7 6. Re1 b5 7. Bb3 d6 8. c3 O-O 9. h3 Na5 10. Bc2 c5 11.
d4 Nd7 12. Nbd2 exd4 13. cxd4 Nc6 14. d5 Nce5 15. Nxe5 Nxe5 16. a4 Rb8 17. axb5
axb5 18. f4 Ng6 19. Nf3 Bh4 20. Nxh4 Qxh4 21. Rf1 Bxh3 22. gxh3 Qg3+ 23. Kh1
Qxh3+ 24. Kg1 Qg3+ 25. Kh1 Qh3+ 26. Kg1 Qg3+ 1/2-1/2

[Event "2. Bundesliga Mitte 2013/2014"]
[Site "St. Veit/Glan"]
[Date "2014.03.21"]
[Round "6"]
[Board "2"]
[White "Mohr, Georg"]
[Black "Kilgus, Georg"]
[Result "1/2-1/2"]
[WhiteElo "2481"]
[BlackElo "2430"]
[PlyCount "67"]
[EventDate "2013.10.04"]
[EventType "team"]
[EventRounds "11"]
[EventCountry "AUT"]
[WhiteTeam "Strassenbahn Graz"]
[BlackTeam "Spg. Grieskirchen/Sedda B.Schallerbach"]

1. e4 d6 2. d4 Nf6 3. Nc3 g6 4. f4 Bg7 5. Nf3 c5 6. dxc5 Qa5 7. Qd4 O-O 8. cxd6
Nxe4 9. Qxe4 Bxc3+ 10. bxc3 Qxc3+ 11. Kf2 Qxa1 12. dxe7 Re8 13. Bc4 Qf6 14. Ba3
Be6 15. Bxe6 Qxe6 16. Qxe6 fxe6 17. Ng5 Nc6 18. Ne4 Nxe7 19. Nf6+ Kf7 20. Nxe8
Kxe8 21. Re1 Rc8 22. Rxe6 Rxc2+ 23. Kf1 Rc7 24. Ke2 Kf7 25. Rxe7+ Rxe7+ 26.
Bxe7 Kxe7 27. Kd3 h5 28. Ke4 Kf6 29. h3 Ke6 30. g4 h4 31. Kd4 Kd6 32. Ke4 Ke6
33. Kd4 Kd6 34. Ke4 1/2-1/2

[Event "2. Bundesliga Mitte 2013/2014"]
[Site "St. Veit/Glan"]
[Date "2014.03.21"]
[Round "6"]
[Board "3"]
[White "Schwabeneder, Florian"]
[Black "Supancic, Darko"]
[Result "1-0"]
[WhiteElo "2353"]
[BlackElo "2334"]
[PlyCount "115"]
[EventDate "2013.10.04"]
[EventType "team"]
[EventRounds "11"]
[EventCountry "AUT"]
[WhiteTeam "Spg. Grieskirchen/Sedda B.Schallerbach"]
[BlackTeam "Strassenbahn Graz"]

1. e4 c5 2. Nf3 Nc6 3. Bb5 Qb6 4. Nc3 e6 5. O-O Nge7 6. Re1 a6 7. Bc4 Ng6 8. d3
Be7 9. Ne2 Na5 10. Bb3 Nxb3 11. axb3 O-O 12. Nf4 Qc7 13. Nxg6 fxg6 14. Bg5 Bxg5
15. Nxg5 e5 16. Nf3 d6 17. Nd2 Be6 18. Nf1 Rf6 19. Qd2 Raf8 20. f3 h6 21. Ne3
R6f7 22. b4 g5 23. Rf1 Rc8 24. bxc5 Qxc5 25. c3 Qb6 26. d4 exd4 27. cxd4 Rfc7
28. f4 gxf4 29. Rxf4 Rf7 30. Rxf7 Bxf7 31. Rf1 Bg6 32. Nd5 Qd8 33. Qe3 Kh7 34.
Nf4 Qe8 35. e5 dxe5 36. dxe5 Rc4 37. e6 Re4 38. Qf3 b5 39. h4 Rxf4 40. Qxf4
Qxe6 41. b4 Qb6+ 42. Qf2 Qd8 43. Ra1 Qd6 44. Qe1 Qd4+ 45. Kh1 Qf6 46. Rd1 Qf4
47. Kg1 Qc4 48. Rd6 a5 49. Qg3 Bf5 50. Qe5 Qc2 51. bxa5 b4 52. Rb6 Be4 53. Qg3
Qc5+ 54. Qf2 Qxa5 55. Qd4 Qa8 56. Rxb4 Bxg2 57. Qd3+ Kh8 58. Qb1 1-0

[Event "2. Bundesliga Mitte 2013/2014"]
[Site "St. Veit/Glan"]
[Date "2014.03.21"]
[Round "6"]
[Board "4"]
[White "Krebs, Johann"]
[Black "Lentrodt, Thomas"]
[Result "1/2-1/2"]
[WhiteElo "2250"]
[BlackElo "2282"]
[PlyCount "162"]
[EventDate "2013.10.04"]
[EventType "team"]
[EventRounds "11"]
[EventCountry "AUT"]
[WhiteTeam "Strassenbahn Graz"]
[BlackTeam "Spg. Grieskirchen/Sedda B.Schallerbach"]

1. d4 Nf6 2. c4 e6 3. Nc3 d5 4. cxd5 Nxd5 5. e4 Nxc3 6. bxc3 c5 7. Nf3 cxd4 8.
cxd4 Bb4+ 9. Bd2 Qa5 10. Rb1 Bxd2+ 11. Qxd2 Qxd2+ 12. Kxd2 O-O 13. Bd3 b6 {
[%emt 0:00:00]} 14. Rhc1 {[%emt 0:00:14]} Ba6 15. Rb4 Rd8 16. Bxa6 Nxa6 17.
Rbc4 f6 18. Ke3 Rd7 19. a4 Kf7 20. Ne1 Rb8 21. Nd3 Rbb7 22. f4 Rbc7 23. g4 Rxc4
24. Rxc4 Rc7 25. Rxc7+ Nxc7 26. f5 a5 27. Nb2 b5 28. Kd3 Ke7 29. axb5 Nxb5 30.
fxe6 Kxe6 31. d5+ Kd7 32. Nc4 a4 33. Nb6+ Kd6 34. Nxa4 Ke5 35. Nb6 Kf4 36. Nc8
Nc7 37. h3 h5 38. gxh5 f5 39. e5 Kxe5 40. d6 Ne6 41. Ke3 Ng5 42. d7 Ne6 43. h4
Nd8 44. Kf3 Ne6 45. Ne7 Nd8 46. Nc8 Ne6 47. Ke3 Nd8 48. Kd3 Ne6 49. Ke2 Nd8 50.
Ke3 Ne6 51. Ke2 Nd8 52. Kf3 Ne6 53. Ne7 Nd8 54. Nc8 Ne6 55. Nb6 Kd6 56. Nc4+
Kxd7 57. Ne3 Nd4+ 58. Kf4 Ke6 59. Kg5 Kf7 60. Ng2 Ne6+ 61. Kxf5 Nd4+ 62. Ke4
Ne6 63. Ke5 Nc5 64. Kf5 Ne6 65. Ne1 Nd4+ 66. Ke4 Ne6 67. Ke5 Nc5 68. Nf3 Nd7+
69. Kf5 Nf8 70. Ne5+ Kg8 71. h6 gxh6 72. Kf6 Nh7+ 73. Kg6 Nf8+ 74. Kxh6 Ne6 75.
Kg6 Nf4+ 76. Kg5 Ne6+ 77. Kf5 Ng7+ 78. Kg6 Ne6 79. Nd3 Nf8+ 80. Kh6 Ne6 81. h5
Ng7 1/2-1/2

[Event "2. Bundesliga Mitte 2013/2014"]
[Site "St. Veit/Glan"]
[Date "2014.03.21"]
[Round "6"]
[Board "5"]
[White "Humer, Wolfgang"]
[Black "Pesorda, Ivan"]
[Result "1/2-1/2"]
[WhiteElo "2267"]
[BlackElo "2246"]
[PlyCount "156"]
[EventDate "2013.10.04"]
[EventType "team"]
[EventRounds "11"]
[EventCountry "AUT"]
[WhiteTeam "Spg. Grieskirchen/Sedda B.Schallerbach"]
[BlackTeam "Strassenbahn Graz"]

1. e4 c5 2. Nf3 e6 3. Qe2 Nc6 4. g3 g6 5. Bg2 Bg7 6. O-O Nge7 7. e5 d6 8. exd6
Nf5 9. Nc3 Qxd6 10. Ne4 Qe7 11. c3 Bd7 12. d3 h6 13. g4 Nh4 14. Nxh4 Qxh4 15.
Nxc5 Bc8 16. d4 O-O 17. h3 e5 18. d5 Nb8 19. Qf3 Qe7 20. Nxb7 e4 21. d6 exf3
22. dxe7 fxg2 23. exf8=Q+ Kxf8 24. Kxg2 Bxb7+ 25. Kg3 Nd7 26. Be3 Nf6 27. f3
Nd5 28. Bc5+ Kg8 29. Rfe1 g5 30. Rad1 a6 31. c4 Nf4 32. Re7 Bf8 33. Rxb7 Bxc5
34. b4 Bd4 35. Rd7 Bf6 36. c5 Kg7 37. Re1 Rb8 38. a3 a5 39. Re4 axb4 40. axb4
Ra8 41. Rd2 Ra1 42. Rc2 Rb1 43. c6 Bd8 44. c7 Bxc7 45. Rxc7 Rb2 46. Rxf4 gxf4+
47. Kxf4 Rxb4+ 48. Kg3 Rb3 49. Rc5 Ra3 50. h4 Rb3 51. Re5 Rb1 52. Kf4 Rh1 53.
h5 Kf6 54. Ra5 Rf1 55. Ra6+ Kg7 56. Ke4 Rb1 57. Rd6 Re1+ 58. Kf5 Rh1 59. f4 Rh2
60. Rd4 Rh1 61. Ke5 Re1+ 62. Re4 Rh1 63. f5 Rf1 64. Re3 Rf2 65. Ke4 Kf6 66. Ra3
Kg5 67. Ra7 Kxg4 68. Rxf7 Re2+ 69. Kd5 Kxh5 70. Rg7 Kh4 71. f6 h5 72. f7 Rf2
73. Ke6 Re2+ 74. Kf6 Rf2+ 75. Kg6 Kg4 76. Rg8 h4 77. f8=Q Rxf8 78. Rxf8 h3
 1/2-1/2

[Event "2. Bundesliga Mitte 2013/2014"]
[Site "St. Veit/Glan"]
[Date "2014.03.21"]
[Round "6"]
[Board "6"]
[White "Steiner, Stefan"]
[Black "Obermayr, Hermann"]
[Result "1-0"]
[WhiteElo "2284"]
[BlackElo "2172"]
[PlyCount "99"]
[EventDate "2013.10.04"]
[EventType "team"]
[EventRounds "11"]
[EventCountry "AUT"]
[WhiteTeam "Strassenbahn Graz"]
[BlackTeam "Spg. Grieskirchen/Sedda B.Schallerbach"]

1. Nf3 e6 2. d4 f5 3. d5 Be7 4. dxe6 dxe6 5. Qxd8+ Bxd8 6. Bf4 Nf6 7. Nbd2 O-O
8. e3 Nc6 9. Bc4 Na5 10. Be2 Nd5 11. O-O-O Be7 12. Rhe1 a6 13. Nc4 Nxc4 14.
Bxc4 c6 15. Be5 Bd7 16. e4 fxe4 17. Rxe4 Rf7 18. Bb3 b5 19. c4 bxc4 20. Bxc4 a5
21. Bg3 Bf6 22. Ne5 Bxe5 23. Rxe5 Ra7 24. f3 Rb7 25. a3 Rf6 26. Re4 Be8 27. Be5
Rf5 28. Ree1 Rf8 29. Bxd5 cxd5 30. Bc3 Ra7 31. Rxe6 Bf7 32. Re5 Rd8 33. Rd4 Rd6
34. g3 Rh6 35. h4 Rf6 36. Re3 Rg6 37. g4 Rh6 38. h5 Rc6 39. Kd2 g6 40. hxg6
Rxg6 41. Re5 h6 42. Ke3 Rc6 43. Kf2 Kh7 44. Rf4 Rd6 45. Ref5 Kg8 46. Kg3 a4 47.
Rb4 Rd8 48. Bd4 Rad7 49. Rxa4 Rc8 50. Bc3 1-0

[Event "2. Bundesliga Mitte 2013/2014"]
[Site "St. Veit/Glan"]
[Date "2014.03.21"]
[Round "6"]
[Board "1"]
[White "Kreisl, Robert"]
[Black "Kovacs, Gabor"]
[Result "1/2-1/2"]
[WhiteElo "2435"]
[BlackElo "2458"]
[PlyCount "67"]
[EventDate "2013.10.04"]
[EventType "team"]
[EventRounds "11"]
[EventCountry "AUT"]
[WhiteTeam "SC MPOE Maria Saal II"]
[BlackTeam "Union Styria Graz"]

1. Nf3 d5 2. d4 Nf6 3. c4 e6 4. g3 Bb4+ 5. Bd2 Bxd2+ 6. Nbxd2 Nbd7 7. Bg2 c6 8.
O-O O-O 9. Qc2 b6 10. e4 Bb7 11. e5 Ne8 12. cxd5 cxd5 13. Rfc1 Rc8 14. Qa4 a6
15. Bf1 Nb8 16. Rxc8 Qxc8 17. Bd3 Qc7 18. Ng5 g6 19. Qa3 Nd7 20. Bxa6 Bxa6 21.
Qxa6 Qc2 22. Ngf3 Qxb2 23. Rb1 Qc3 24. Qb5 Qc7 25. Nf1 Ng7 26. Ne3 h5 27. Rb2
Rc8 28. Ng5 Qd8 29. h4 Rc1+ 30. Kg2 Qc8 31. Qb4 Qf8 32. Qb5 Qc8 33. Qb4 Qf8 34.
Qb5 1/2-1/2

[Event "2. Bundesliga Mitte 2013/2014"]
[Site "St. Veit/Glan"]
[Date "2014.03.21"]
[Round "6"]
[Board "2"]
[White "Pilaj, Herwig"]
[Black "Tratar, Marko"]
[Result "1-0"]
[WhiteElo "2376"]
[BlackElo "2480"]
[PlyCount "57"]
[EventDate "2013.10.04"]
[EventType "team"]
[EventRounds "11"]
[EventCountry "AUT"]
[WhiteTeam "Union Styria Graz"]
[BlackTeam "SC MPOE Maria Saal II"]

1. Nf3 g6 2. c4 Bg7 3. g3 e5 4. Nc3 Nc6 5. Bg2 d6 6. O-O Nge7 7. Rb1 f5 8. d3
h6 9. Nd2 O-O 10. b4 g5 11. b5 Nd4 12. Nb3 Ne6 13. Na5 Rb8 14. Nd5 f4 15. Ba3
g4 16. Be4 Kh8 17. Rc1 Nxd5 18. cxd5 Ng5 19. Rc4 Rf7 20. Qc2 Qf8 21. Rxc7 Bd7
22. gxf4 Nh3+ 23. Kh1 Rxf4 24. Rxd7 Rxf2 25. Rxf2 Qxf2 26. Qc1 Rf8 27. Bg2 Nf4
28. Qg1 Nxg2 29. Bxd6 1-0

[Event "2. Bundesliga Mitte 2013/2014"]
[Site "St. Veit/Glan"]
[Date "2014.03.21"]
[Round "6"]
[Board "3"]
[White "Handler, Lukas"]
[Black "Wittmann, Walter"]
[Result "1-0"]
[WhiteElo "2388"]
[BlackElo "2195"]
[PlyCount "63"]
[EventDate "2013.10.04"]
[EventType "team"]
[EventRounds "11"]
[EventCountry "AUT"]
[WhiteTeam "SC MPOE Maria Saal II"]
[BlackTeam "Union Styria Graz"]

1. Nf3 {[%emt 0:00:00]} c5 2. c4 Nc6 3. d4 cxd4 4. Nxd4 e6 5. Nc3 Nf6 6. Ndb5
Bc5 7. Nd6+ Ke7 8. Nde4 Nxe4 9. Nxe4 Bb4+ 10. Bd2 Bxd2+ 11. Qxd2 Qa5 12. Nc3
Rd8 13. Rd1 d6 14. g3 b6 15. Bg2 Bb7 16. b4 Qh5 17. O-O Rd7 18. a3 Rad8 19. f4
Nb8 20. e4 Ba6 21. Bf3 Qh3 22. Be2 Rc8 23. f5 Qh6 24. f6+ Kf8 25. fxg7+ Qxg7
26. b5 Bb7 27. Rf4 Rc5 28. Rg4 Qe5 29. Rf1 f5 30. Qh6+ Rg7 31. exf5 Qxc3 32. f6
 1-0